Proces riadenia informačnej bezpečnosti v podmienkach podnikov v Slovenskej republike

Zákony týkajúce sa informačnej bezpečnosti v SR. Základné princípy riešenia informačnej bezpečnosti. Štúdia informačnej bezpečnosti. Bezpečnostná politika. Oblasti pokrytia systémovej bezpečnostnej politiky. Bezpečnostný projekt. Riziková analýza. Výsledky prieskumu v oblasti informačnej bezpečnosti...

Ausführliche Beschreibung

Gespeichert in:
Bibliographische Detailangaben
1. Verfasser: Beláňová, Benita, 1973-
Format: Buchkapitel
Sprache:Slowakisch
Schlagworte:
Tags: Tag hinzufügen
Keine Tags, Fügen Sie das erste Tag hinzu!

MARC

LEADER 00000nla a2200000 4500
001 0223499
005 20240502073645.7
041 0 |a slo 
044 |a SK 
245 1 0 |a Proces riadenia informačnej bezpečnosti v podmienkach podnikov v Slovenskej republike  |c Benita Beláňová 
520 |a Zákony týkajúce sa informačnej bezpečnosti v SR. Základné princípy riešenia informačnej bezpečnosti. Štúdia informačnej bezpečnosti. Bezpečnostná politika. Oblasti pokrytia systémovej bezpečnostnej politiky. Bezpečnostný projekt. Riziková analýza. Výsledky prieskumu v oblasti informačnej bezpečnosti. 
610 2 0 |a bezpečnosť informačná 
610 2 0 |a systémy informačné podnikové 
610 2 0 |a riadenie 
610 2 0 |a riadenie rizík 
610 2 0 |a internet 
610 2 0 |a podnik 
610 2 0 |a prieskum 
610 2 0 |a legislatíva 
610 2 0 |a Slovensko 
100 1 |a Beláňová, Benita, 1973-